| 000 | 00563nam a2200181 i 4500 | ||
|---|---|---|---|
| 001 | 188889 | ||
| 003 | ES-MaACL | ||
| 005 | 20250407063125.0 | ||
| 008 | 190221s1965 sp |||| | cat d | ||
| 100 | 1 |
_aPedrolo, Manuel de, _d1918-1991 _989937 |
|
| 245 | 1 | 0 |
_aJoc brut / _cManuel de Pedrolo. |
| 260 |
_aBarcelona : _bEdiciones 62, _c[1965] |
||
| 300 |
_a111 p. ; _c18 cm. |
||
| 490 | 1 |
_aCol·lecció "La Cua de Palla" ; _v32 |
|
| 830 | 0 |
_aCol·lecció "La Cua de Palla" ; _v32 _9193174 |
|
| 852 |
_aES-MaACL _jP-507-Bis-26 |
||
| 999 |
_c188889 _d188889 |
||